书目信息 |
| 题名: |
毛泽东领导理论研究
|
|
| 作者: | 陈占安 主编 | |
| 分册: | ||
| 出版信息: | 北京 人民出版社 2008.01 |
|
| 页数: | 343页 | |
| 开本: | 21cm | |
| 丛书名: | 马克思主义领导理论研究丛书 | |
| 单 册: | ||
| 中图分类: | A841.64 | |
| 科图分类: | ||
| 主题词: | 毛泽东思想--mao ze dong si xiang--领导学--理论研究 | |
| 电子资源: | ||
| ISBN: | 978-7-01-006721-6 | |
| 000 | 01113nam 2200265 450 | |
| 001 | 012008562613 | |
| 005 | 20080508102441.52 | |
| 010 | @a978-7-01-006721-6@dCNY25.00 | |
| 100 | @a20080508d2008 em y0chiy0120 ea | |
| 101 | 0 | @achi |
| 102 | @aCN@b110000 | |
| 105 | @ay a 000yy | |
| 106 | @ar | |
| 200 | 1 | @a毛泽东领导理论研究@Amao ze dong ling dao li lun yan jiu@f陈占安主编@Fchen zhan an zhu bian |
| 210 | @a北京@c人民出版社@d2008.01 | |
| 215 | @a343页@d21cm | |
| 225 | 2 | @a马克思主义领导理论研究丛书@Ama ke si zhu yi ling dao li lun yan jiu cong shu |
| 320 | @a有书目 | |
| 330 | @a本书主要围绕了毛泽东领导理论的基本内容展开。它的内容主要包括:领导职能、领导素质、领导原则、领导方法、领导艺术、领导作风、领导哲学。这是该书的重头戏。此外,本书还概述了毛泽东领导理论产生的历史条件、历史发展,以及领导概念、领导工作的地位、作用、基本特点和基本矛盾。 | |
| 410 | 0 | @12001 @a马克思主义领导理论研究丛书 |
| 606 | 0 | @a毛泽东思想@Amao ze dong si xiang@x领导学@x理论研究 |
| 690 | @aA841.64@v4 | |
| 701 | 0 | @a陈占安@Achen zhan an@4主编 |
| 801 | 0 | @aCN@bQSSK@c20080508 |
| 905 | @b707042-44@dA841.64@eC650@f3 | |
| 毛泽东领导理论研究/陈占安主编.-北京:人民出版社,2008.01 |
| 343页;21cm.-(马克思主义领导理论研究丛书) |
| ISBN 978-7-01-006721-6:CNY25.00 |
| 本书主要围绕了毛泽东领导理论的基本内容展开。它的内容主要包括:领导职能、领导素质、领导原则、领导方法、领导艺术、领导作风、领导哲学。这是该书的重头戏。此外,本书还概述了毛泽东领导理论产生的历史条件、历史发展,以及领导概念、领导工作的地位、作用、基本特点和基本矛盾。 |
| ● |
| 相关链接 |
|
|
|
正题名:毛泽东领导理论研究
索取号:A841.64/C650
 
预约/预借
| 序号 | 登录号 | 条形码 | 馆藏地/架位号 | 状态 | 备注 |
| 1 | 707042 | 207070426 | 社科库509/509社科库 5排1列5层/ [索取号:A841.64/C650] | 在馆 | |
| 2 | 707043 | 207070435 | 社科库509/509社科库 5排1列5层/ [索取号:A841.64/C650] | 在馆 | |
| 3 | 707044 | 207070444 | 社科库509/509社科库 5排1列5层/ [索取号:A841.64/C650] | 在馆 |